000 00911nam a2200289 a 4500
005 20260322212100.0
008 data
010 _a 97093667
020 _a0965993701
020 _a9780965993708
040 _aAzM
_cAzM
_dDLC
042 _alccopycat
043 _an-us-az
050 0 0 _aF817.V37
_bM36 1997
082 0 0 _a979.1/57
_221
092 _a979.1 M36 1997
100 1 _aMason, Robert H.
245 1 0 _aVerde Valley lore /
_cRobert H. Mason.
260 _aScottsdale, Ariz :
_bL.J. Schuster Co.,
_cc1997.
300 _aiv, 158 p. :
_bill., map ;
_c22 cm.
500 _a"As published in the Times of Fountain Hills."
504 _aIncludes bibliographical references (p. 148) and indexes.
651 0 _aVerde River Valley (Ariz.)
_xAnecdotes.
_xAnecdotes.
651 0 _aFort Verde (Ariz.)
_xAnecdotes.
_xAnecdotes.
730 0 _aTimes of Fountain Hills (Fountain Hills, Ariz. : 1994)
001 data
999 _c1428
_d1428